Lễ hội về nữ thần của người Việt
Chương I: Nguồn gốc của Lễ hội về Nữ thần; Chương II: Miêu thuật một số Lễ hội về Nữ thần; Chương III: Những đặc điểm của Lễ hội.
Αποθηκεύτηκε σε:
| Κύριος συγγραφέας: | |
|---|---|
| Μορφή: | Βιβλίο |
| Γλώσσα: | Undetermined |
| Έκδοση: |
Hà Nội
Văn Hoá dân tộc
2011
|
| Θέματα: | |
| Ετικέτες: |
Προσθήκη ετικέτας
Δεν υπάρχουν, Καταχωρήστε ετικέτα πρώτοι!
|
| Thư viện lưu trữ: | Trung tâm Học liệu Trường Đại học Cần Thơ |
|---|
| LEADER | 00847nam a2200205Ia 4500 | ||
|---|---|---|---|
| 001 | CTU_169664 | ||
| 008 | 210402s9999 xx 000 0 und d | ||
| 082 | |a 394.269597 | ||
| 082 | |b S105 | ||
| 100 | |a Nguyễn, Minh San | ||
| 245 | 0 | |a Lễ hội về nữ thần của người Việt | |
| 245 | 0 | |c Nguyễn Minh San | |
| 260 | |a Hà Nội | ||
| 260 | |b Văn Hoá dân tộc | ||
| 260 | |c 2011 | ||
| 520 | |a Chương I: Nguồn gốc của Lễ hội về Nữ thần; Chương II: Miêu thuật một số Lễ hội về Nữ thần; Chương III: Những đặc điểm của Lễ hội. | ||
| 650 | |a Folk festivals,Lễ hội dân gian | ||
| 650 | |z Vietnam,Việt Nam | ||
| 904 | |i Linh, Hải | ||
| 980 | |a Trung tâm Học liệu Trường Đại học Cần Thơ | ||